Jean-Paul Belmondo - 60 questions - Statistiques

Statistiques générales
  • Ce quiz a été pris 162 fois
  • Le résultat moyen est 29 sur 60
Statistiques - réponses
Question Réponse % Correct
Le père de JPB était... sculpteur
89%
En 1963, JPB a un troisième enfant avec sa première femme. Il se prénomme... Paul
78%
En 1945, JPB avait... 12 ans
74%
Au conservatoire national d'art dramatique, il se lie d'amitié avec plusieurs comédiens mais pas avec... Jean Yanne
74%
En 1962, JPB joue le rôle principal dans un film qui fait 3 millions d'entrées en salle. Il s'agit de... Cartouche
70%
JPB obtient le César du Meilleur acteur en 1989 pour... Itinéraire d'un enfant gâté
70%
Dans Peur sur la ville, JPB joue le rôle d'un commissaire qui a pour ennemi un tueur en série appelé... Minos
70%
Dans L'ainé des Ferchaux, il ne joue aux pas côtés de... Alain Delon
67%
Dans Pierrot le fou, il a pour partenaire principale... Anna Karina
67%
Quelle est l'activité de Léon Morin, personnage qu'incarne JPB dans un film de Melville ? Prêtre
67%
JPB avait... un frère et une soeur
67%
En 1960, JPB a de sa femme Rénée Constant, une fille prénommée... Florence
63%
Dans quel film JPB joue-t-il un double rôle ? L'Animal
63%
JPB est né à Neuilly-sur-Seine
63%
Dans le Cerveau de Gérard Oury, JPB joue avec des acteurs confirmés. Le seul rôle féminin est tenu par... Silvia Monti
63%
La même année, il tourne Week-end à... Zuydcoote
63%
En 2003, JPB est père pour la 4e fois d'une petite fille appelée... Stella
59%
Philippe de Broca fait tourner à JPB L'homme de Rio, un film d'aventures qui lui convient parfaitement... Nous sommes en... 1964
56%
JPB est mort le... 6 septembre 2021
56%
Quand à la fin de la cérémonie aux Invalides, le cercueil sort de la cour, la musique joue... Chi Maï
56%
En 1970, JPB joue avec Alain Delon dans Borsalino, un film de... Jacques Deray
56%
Après Peur sur la ville, JPB réédite une cascade en hélicoptère dans... Le Guignolo
56%
Qui ne joue pas avec JPB dans Une chance sur deux ? Véronique Jannot
56%
Dans L'Alpagueur qui joue le tueur ? Bruno Cremer
52%
La Sirène du Mississippi que tourne JPB est un film de... François Truffaut
52%
Le Magnifique, selon son réalisateur, même s'il est inspiré par plusieurs personnages est avant tout un pastiche des films de... James Bond
52%
Jean-Luc Godard le fait jouer dans A bout de souffle en 1960
48%
JPB a créé une société de production afin de mieux gérer sa carrière... Elle a pris le nom de Cerito Films
48%
En 1958, il joue un petit rôle dans Sois belle et tais-toi aux côtés d'Alain Delon
48%
Dans les années 2000, 40 ans plus tard, JPB tourne une nouvelle version de L'aîné des Ferchaux
48%
Dans Classe tous risques, il ne joue pas avec... Jean Gabin
48%
Joyeuses Pâques est un film adapté d'une pièce de théâtre de... Jean Poiret
48%
Il se trouve en vacances en Corse chez son ami Guy Bedos quand il est victime d'un AVC en... 2001
44%
Henri Verneuil le fait tourner dans Un singe en hiver avec Jean Gabin. L'histoire est tirée d'un roman d'Antoine Blondin
44%
Dans Peur sur la ville, des forces de l'ordre effectuent une descente en rappel depuis un hélicoptère ce sont... des membres du GIGN
44%
Son père était d'origine italienne mais était né en Algérie
44%
JPB tombe amoureux de sa partenaire dans... Les Tribulations d'un Chinois en Chine
44%
Un personnage de BD a été inspiré aux auteurs par JPB, il s'agit... du lieutenant Blueberry
41%
Au cours de sa carrière, JPB n'a tourné que deux fois pour la télévision. En 1959 ET 2001
41%
Quelle affirmation est fausse concernant le film Joyeuses Pâques ? Jean Lefebvre joue un chauffeur de taxi myope
41%
En 1987, JPB revient au théâtre et joue... Kean
41%
A la fin des mariés de l'an II, on retrouve les deux héros sous l'Empire qu'est devenu Nicolas, rôle joué par JPB prince d'Empire
41%
Que signifie le mot "doulos" titre d'un film que JPB a tourné avec Melville ? Indicateur
37%
Sa première fille, Patricia, nait en 1953
33%
Lors du Festival de Cannes, il reçoit une palme d'or pour l'ensemble de sa carrière en... 2011
33%
La mère de JPB était... artiste-peintre
33%
JPB a tourné un film sur un scandale historique qui a réellement eu lieu... au début des années 1930
33%
Il se passionne pour le sport mais n'a jamais pratiqué dans sa jeunesse... le rugby
33%
Le corps de mon ennemi a été tourné essentiellement dans la région de Lille
33%
Pour le concours de sortie du conservatoire, il présente une scène d'une pièce de Feydeau
30%
Le premier film dans lequel il joue est une commande... de la C.G.T.
30%
Pourquoi Paul Simay, joué par JPB dans Docteur Popaul, se remémore-t-il son passé ? il est devenu paraplégique
30%
Que signifie le terme "Scoumoune" titre d'un film tourné par JPB en 1972 ? porte-malheur
30%
Il débute au théâtre en... 1950
26%
Lors de la Mostra de Venise, il reçoit un Lion d'or pour l'ensemble de sa carrière en... 2016
26%
La dernière biographie de JPB s'appelle... Belmondo par Belmond
26%
Toujours en 1958, Marc Allégret le fait tourner avec une vedette d'alors... Bourvil
26%
Pourquoi a-t-il été surnommé Bébel ? en référence à un personnage joué par Gabin
19%
Parmi ces quatre films de la même époque, lequel fait le moins d'entrées ? Le Guignolo
15%
JPB a notamment n'a pas été scolarisé... au lycée Janson de Sailly
11%
Aucun quiz correspondant
Distribution des résultats
% des personnes avec chaque résultat
Percentile par nombre de réponses
Votre historique - résultats
Vous n’avez pas pris ce quiz